Glee: Every Relationship, Kiss, and Attraction - Statistics

General Stats
  • This quiz has been taken 125 times
  • The average score is 26 of 70
Answer Stats
Answer % Correct
Rachel Berry
97%
Finn Hudson
93%
Noah Puckerman
92%
Santana Lopez
92%
Quinn Fabray
91%
Artie Abrams
87%
Blaine Anderson
87%
Kurt Hummel
87%
Tina Cohen Chang
87%
Brittany Pierce
84%
Sam Evans
84%
Will Schuester
84%
Mercedes Jones
83%
Mike Chang
83%
Emma Pillsbury
80%
Jesse St James
74%
Sue Sylvester
72%
Jake Puckerman
69%
Marley Rose
66%
Kitty Wilde
64%
Dave Karofsky
58%
Ryder Lynn
54%
Sugar Motta
47%
Lauren Zizes
46%
Holly Holliday
45%
Ken Tanaka
42%
Brody Weston
41%
Shelby Corcoran
41%
Unique Adams
41%
Rory Flanagan
37%
April Rhodes
36%
Becky Jackson
36%
Dani
36%
Sheldon Beiste
36%
Joe Hart
34%
Burt Hummel
27%
Bree
26%
Carl Howell
23%
Mason McCarthy
17%
Matt Rutherford
17%
Terri Del Monico
17%
Jane Hayward
15%
Cooter Menkins
14%
Spencer Porter
13%
Adam Crawford
12%
Penny Owen
12%
Betty Pillsbury
11%
Biff McIntosh
11%
Carole Hudson Hummel
11%
Shane Tinsley
11%
Rod Remington
9%
Alistair
8%
Jeremiah
8%
Julie
8%
Jessica
7%
Walter
7%
Eli C
6%
Vanessa
6%
Anthony Rashad
5%
Bryan Ryan
4%
Chandler Kiehl
4%
Charlie Darling
3%
Michael Bolton
3%
Mrs. Hummel
3%
Tank
3%
Christopher Hudson
2%
Mario
2%
Darren
1%
Jordan Stern
1%
Zach Lind
1%
No matching quizzes found
Score Distribution
Percent of People with Each Score
Percentile by Number Answered
Your Score History
You have not taken this quiz